| 000 | 01822cam a22004454i 4500 | ||
|---|---|---|---|
| 003 | PE-LiUPU | ||
| 005 | 20250731173019.0 | ||
| 008 | 150623s r 000 0 d | ||
| 020 | _a0830819606 | ||
| 035 | _a(Sirsi) i9780830819607 | ||
| 040 |
_aPE-LiUPU _bspa _cPE-LiUPU _erda |
||
| 049 | _aPRUA | ||
| 082 | 0 | 4 |
_a234.13 _bL311931 _221 |
| 100 | 1 |
_aLawrence, Roy, _d1931-, _eautor. |
|
| 245 | 1 | 4 |
_aThe practice of christian healing : _ba guide for beginners / _cRoy Lawrence. |
| 264 | 1 |
_aDowners Grove, Illinois : _bInterVarsity Press, _c1996. |
|
| 300 |
_a117 páginas ; _c21 centímetros |
||
| 336 |
_atext _2rdacontent |
||
| 337 |
_aunmediated _2rdamedia |
||
| 338 |
_avolume _2rdacarrier |
||
| 505 | 0 | _aHere Am I, Lord-send somebody else!. -What is Christian healing.. and what is it not?. -Does Christian healing really work?. -Comments from a medical standpoint. -Resources and methods. -The laying on of hands with prayer. -Anointing with oil. -The ministry of deliverance. -The healing power of worship. -Listening and counseling. -Other means of healing. -Problems, difficulties and failures. -Healing for eternity. | |
| 526 | _aSEG42 | ||
| 526 | _aSEG41 | ||
| 526 | _aSEG40 | ||
| 526 | _aSEG39 | ||
| 526 | _aP94 | ||
| 526 | _aP87 | ||
| 526 | _aP86 | ||
| 526 | _aP85 | ||
| 526 | _aP77 | ||
| 526 | _aP76 | ||
| 526 | _aP35 | ||
| 650 | 0 | 4 | _aCuración espiritual. |
| 942 |
_2ddc _cBOOK |
||
| 949 |
_a234.13 L31 1931 _wDEWEY _c1 _i47397 _lCCODEBUL1 _mBUL _r0 _sY _tBOOK _u2015-6-24 _xTEOLOGIA _PP35 _0COMPRA _o.STAFF. Colección General |
||
| 994 |
_aC0 _bPEPRU |
||
| 596 | _a1 | ||
| 999 |
_a234.13 L31 1931 _wDEWEY _c23953 _i47397 _f2021-11-10 _g5 _lCCODEBUL1 _mBUL _r0 _sY _tBOOK _u2015-6-24 _xTEOLOGIA _PP35 _0COMPRA _o.STAFF. Colección General _d23953 |
||
| 980 |
_81 _gALBERTO SANCHEZ Responsable de Automatización |
||